000 00268nam a22001217a 4500
008 260312b ||||| |||| 00| 0 eng d
041 _aeng
080 _a2.1
100 _a22
101 _abank
245 _aMonetary Policy Report
_cBank of Albania
942 _2udc
_cBK
999 _c60889
_d60889